OCI Stoffklassen / Funktionelle Gruppen - Statistiken

Allgemein
  • Dieses Quiz wurde 127 mal gespielt
  • Das Durchschnittsergebnis liegt bei 14 aus 32
Antwortstatistiken
Strukturformel Name % Korrekt

Aldehyde

Aldehyde
83%

Hydroxyl

Alkohole
78%

Ether

Ether
78%

Sulfhydryl

Thiole
72%

Carboxylic acid

Carbonsäuren
67%

Ketone

Ketone
67%

Secondary amine

Amine
61%

Peroxy

Peroxide
61%

Isonitrile structural formula.svg

Nitrile
56%

Phenol2.svg

Phenole
56%

Ester

Carbonsäureester
50%

Benzoquinones.svg

Chinone
50%

Disulfide

Disulfide
50%

Sulfonyl group

Sulfonsäuren
50%

Amide

Amide
39%

Guanidine-group-2D-skeletal.svg

Guanidine
39%

Sulfinyl group (alternative Form, sonst S–O^-)

Sulfoxide
39%

Acetal

Acetale
33%

Quaternary ammonium cation

Ammonium-Kation
33%

Allgemeine Strukturformel der Carbonsäurechloride

Carbonsäurechloride
33%

Imine

Imine
33%

Sulfonyl group

Sulfone
33%

Thiolester

Thioester
33%

File:Carbamide.svg

Harnstoffe
28%

Nitro

Nitroverbindungen
28%

Sulfide group

Sulfide
28%

Carboxylic anhydride

Carbonsäureanhydride
22%

Hydrazine functional group.svg

Hydrazine
22%

Oxonium Ions V.1.svg

Oxonium-Kationen
22%

Phosphate formula.svg

Phosphorsäureester
22%

Amidines.svg

Amidine
17%

Sulfonium Ion Structural Formula V1.svg

Sulfonium-Kation
17%
Keine übereinstimmenden Quizze gefunden
Verteilung der Resultate
Anzahl Personen mit jedem Resultat
Perzentil nach korrekt beantworteten Fragen
Ihre Resultats-Entwicklung
Sie haben dieses Quiz noch nicht gespielt